Capital Name Length by Continent Quiz Stats

Quiz Updated Aug 17, 2016

Challenge
Share
Tweet
Embed
Score 0/45 Timer 08:00
2 Plays Today
Continent World Capital % Correct
EuropeAnkara, Athens, Berlin, Dublin, ...
96.3%
North AmericaBasseterre, Bridgetown, Mexico City, ...
94.4%
EuropeBern, Kiev, Oslo, Riga, Rome
94.1%
EuropeMinsk, Paris, Sofia, Vaduz
92%
AfricaAbuja, Accra, Cairo, Dakar, ...
89.2%
AsiaAmman, Dhaka, Hanoi, Kabul, ...
89%
AsiaBaghdad, Bangkok, Beijing, ...
88.8%
North AmericaHavana, Nassau, Ottawa, Roseau
87.9%
South AmericaAsunción, Brasília, Santiago
87.1%
EuropeAmsterdam, Bucharest, Ljubljana, ...
85.4%
OceaniaCanberra, Funafuti, Port Vila
85.2%
EuropeBelgrade, Brussels, Budapest, ...
84.6%
AfricaDjibouti, Freetown, Gaborone, ...
84.1%
AsiaAnkara, Astana, Beirut, Manama, ...
83.1%
South AmericaLima
81.2%
AsiaIslamabad, Jerusalem, Kathmandu, ...
78.2%
OceaniaWellington
78%
North AmericaPort-au-Prince, Port of Spain, San Salvador...
76.4%
South AmericaLa Paz, Quito
75.1%
South AmericaBuenos Aires
74.8%
AfricaAlgiers, Conakry, Kampala, ...
73.5%
AsiaAbu Dhabi, Ashgabat, Damascus, ...
70.4%
South AmericaGeorgetown, Montevideo, Paramaribo
70.2%
Continent World Capital % Correct
EuropeBratislava, Copenhagen, Luxembourg
70%
EuropeVatican City, Andorra la Vella
66.2%
South AmericaBogotá
65.7%
South AmericaCaracas
65.7%
North AmericaBelmopan, Castries, Kingston
65.6%
AsiaBaku, Dili, Doha, Malé
61.3%
AfricaAsmara, Bamako, Bangui, Banjul, ...
56%
AsiaBandar Seri Begawan, Kuala Lumpur...
54.4%
EuropeNicosia, Tallinn, Vilnius
53.9%
AfricaAntananarivo, Brazzaville, ...
52.5%
OceaniaApia, Suva
52%
North AmericaManagua, San José
49.9%
AfricaJuba, Lomé
48.6%
AfricaAddis Ababa, Libreville, Nouakchott
47.7%
AfricaBujumbura, Mogadishu, Port Louis, ...
42.8%
OceaniaPort Moresby
41.7%
North AmericaKingstown
31.8%
OceaniaHoniara, Palikir
28.1%
OceaniaMajuro, Tarawa
25.2%
OceaniaNuku'alofa, Ngerulmud
23.3%
OceaniaYaren
23%
AsiaKuwait City
22.1%

You're not logged in!

Compare scores with friends on all Sporcle quizzes.
Sign Up with Email
OR
Log In

You Might Also Like...

Show Comments

Extras

Top Quizzes Today


Score Distribution

Your Account Isn't Verified!

In order to create a playlist on Sporcle, you need to verify the email address you used during registration. Go to your Sporcle Settings to finish the process.